| 000 | 00995nam a22002657a 4500 | ||
|---|---|---|---|
| 005 | 20100518112246.0 | ||
| 008 | 100518t xxu||||| |||| 00| 0 eng d | ||
| 010 | _aENG-96096 | ||
| 020 |
_a9788120340558 _c325.00 |
||
| 035 | _aEN-79629 | ||
| 037 | _bDBAD / PUB | ||
| 040 |
_aDPL _bEng |
||
| 082 | _a418.020285 | ||
| 245 |
_aLearning machine translation / _cby Cyril Goutte...[et.al] |
||
| 260 |
_aNew Delhi _bPHI Learning _c2010 |
||
| 270 |
_aM-97, Connaught Circus, New Delhi _bNew Delhi _e110001 |
||
| 300 |
_aviii,316p,: _c24cm (pbk) _bill. |
||
| 500 | _aIncludes bibliographical references (p. [277]-306) and index. | ||
| 650 |
_aMachine translating _xStatistical methods. _920230 |
||
| 700 |
_aGoutte, Cyril _920221 |
||
| 700 | _920222 | ||
| 700 | _920223 | ||
| 942 |
_2ddc _cEN _mLEA _h418.020285 |
||
| 999 |
_c36168 _d36168 |
||